[Event "Tradewise Gibraltar Chess Festival 2013"]
[Site "Gibraltar ENG"]
[Date "2013.01.24"]
[Round "3.56"]
[White "Sanchez Ibern, Marc"]
[Black "Pinho, Paulo"]
[Result "0-1"]
[WhiteElo "2356"]
[BlackElo "2128"]
[PlyCount "182"]
[EventDate "2013.01.22"]
[EventType "swiss"]
[EventRounds "10"]
[EventCountry "ENG"]
[Source "lmi"]
[SourceDate "2013.01.22"]

1. e4 c5 2. Nf3 e6 3. d4 cxd4 4. Nxd4 Nf6 5. Nc3 d6 6. g4 Be7 7. g5 Nfd7 8. h4
Nc6 9. Be3 O-O 10. Qh5 a6 11. O-O-O Nxd4 12. Bxd4 b5 13. e5 Bb7 14. Rh3 dxe5
15. Bxe5 g6 16. Qe2 Qc8 17. Bd6 Bxd6 18. Rxd6 Qc7 19. Rd4 Nb6 20. h5 Rae8 21.
Rdh4 Re7 22. Ne4 Bxe4 23. Qxe4 Qc5 24. hxg6 fxg6 25. f4 Rf5 26. Qh1 Qd5 27. Qh2
Ref7 28. Rh6 Qe4 29. Qd2 Qxf4 30. Qxf4 Rxf4 31. Bd3 Rg7 32. Re3 Re7 33. Reh3
Rg7 34. Re3 Re7 35. Reh3 Nc4 36. a4 Rg4 37. Bxc4 Rxc4 38. R6h4 Rc5 39. axb5
axb5 40. Rg4 Rf7 41. b4 Re5 42. Kb2 Rff5 43. Rhg3 Kf7 44. c4 bxc4 45. Kc3 Ke7
46. Kxc4 Kd6 47. Rd3+ Kc6 48. Rgd4 Rd5 49. b5+ Kd6 50. Kb4 Rxg5 51. Ka5 Kc7 52.
Ka6 Rxb5 53. Rd7+ Kc6 54. R3d6+ Kc5 55. Rxe6 Rb2 56. Ree7 Rb6+ 57. Ka7 h5 58.
Re1 Rc6 59. Kb7 Rf6 60. Rc7+ Kb4 61. Rb1+ Ka3 62. Rc8 Rf7+ 63. Kc6 Ka2 64. Rb4
Rf3 65. Ra8+ Ra3 66. Rab8 Rg2 67. Rh8 Rb3 68. Ra4+ Kb2 69. Kd5 Kc3 70. Ke5 Rb5+
71. Kf6 Rb4 72. Ra3+ Kd4 73. Rh3 Rb6+ 74. Kg7 Ke5 75. Kh6 Kf5 76. Rg8 Kg4 77.
Rxh5 g5+ 78. Rg6 Rxg6+ 79. Kxg6 Kf4 80. Rh1 g4 81. Rf1+ Kg3 82. Kg5 Rb2 83.
Rg1+ Kh3 84. Rh1+ Kg2 85. Rh4 g3 86. Rg4 Kf2 87. Kh4 g2 88. Rf4+ Kg1 89. Rf3
Rb4+ 90. Kh3 Kh1 91. Re3 g1=Q 0-1

[Event "Tradewise Gibraltar Chess Festival 2013"]
[Site "Gibraltar ENG"]
[Date "2013.01.24"]
[Round "3.57"]
[White "Karlsson, Jorgen"]
[Black "Wemmers, Xander"]
[Result "0-1"]
[WhiteElo "2165"]
[BlackElo "2349"]
[PlyCount "90"]
[EventDate "2013.01.22"]
[EventType "swiss"]
[EventRounds "10"]
[EventCountry "ENG"]
[Source "lmi"]
[SourceDate "2013.01.22"]

1. Nf3 c5 2. g3 Nc6 3. Bg2 g6 4. c3 Bg7 5. d4 cxd4 6. cxd4 Nf6 7. Nc3 O-O 8. d5
Na5 9. O-O d6 10. Bg5 Bd7 11. Rc1 Rc8 12. h4 Re8 13. Nd2 h6 14. Bf4 Ng4 15. Be4
b5 16. a3 Qb6 17. Kg2 b4 18. axb4 Qxb4 19. Qc2 e5 20. dxe6 Bxe6 21. f3 Nf6 22.
Bd3 Nh5 23. Be3 d5 24. Qa4 Bxc3 25. Qxe8+ Rxe8 26. bxc3 Qd6 27. Bf2 Nc6 28. Nb3
Ne5 29. Nd4 Nxd3 30. exd3 Bf5 31. Rfd1 Rb8 32. Rc2 Bd7 33. Ra1 a6 34. c4 dxc4
35. dxc4 Rc8 36. Ra5 Rc5 37. Raa2 Bc8 38. Rab2 Qd7 39. Ne2 Qh3+ 40. Kg1 Rc7 41.
c5 Bb7 42. Rc3 Rd7 43. Rb1 Bc6 44. Re3 Kh7 45. Re1 Bb5 0-1

[Event "Tradewise Gibraltar Chess Festival 2013"]
[Site "Gibraltar ENG"]
[Date "2013.01.24"]
[Round "3.58"]
[White "Ortega Ruiz, Jose Miguel"]
[Black "Wiedersich, Jens"]
[Result "1-0"]
[WhiteElo "2349"]
[BlackElo "2120"]
[PlyCount "201"]
[EventDate "2013.01.22"]
[EventType "swiss"]
[EventRounds "10"]
[EventCountry "ENG"]
[Source "lmi"]
[SourceDate "2013.01.22"]

1. d4 Nf6 2. c4 c5 3. d5 b5 4. Nf3 bxc4 5. Nc3 d6 6. e4 g6 7. e5 dxe5 8. Nxe5
Bg7 9. Bxc4 O-O 10. O-O Bb7 11. Re1 Nbd7 12. Nc6 Bxc6 13. dxc6 Nb6 14. Qxd8
Raxd8 15. Ba6 Nfd5 16. Nxd5 Nxd5 17. a3 Bd4 18. Rb1 e5 19. Bd2 Nc7 20. Bb7
Bxf2+ 21. Kxf2 Rxd2+ 22. Re2 Rfd8 23. b4 cxb4 24. axb4 Rxe2+ 25. Kxe2 Rd4 26.
Bc8 Kg7 27. Ra1 Rxb4 28. Rxa7 Nb5 29. Rd7 Nd4+ 30. Rxd4 exd4 31. Ba6 Rb2+ 32.
Kd3 Rb6 33. c7 Rxa6 34. c8=Q Re6 35. Kxd4 h5 36. Kd5 Re2 37. Qc3+ Kg8 38. Qf3
Re6 39. h3 Re8 40. Kd6 Re6+ 41. Kd7 Re1 42. Qf4 Re2 43. Qg5 Re6 44. g3 Re2 45.
Qb5 Re6 46. Qg5 Re2 47. g4 hxg4 48. hxg4 Re6 49. Qh4 Re4 50. Qg5 Re6 51. Qf4
Re2 52. Qf6 Re1 53. g5 Re2 54. Qc6 Rd2+ 55. Kc7 Re2 56. Qa6 Re1 57. Kd7 Re3 58.
Qc6 Re2 59. Qb6 Re1 60. Qa6 Re3 61. Kd8 Re1 62. Qa5 Re2 63. Kd7 Re3 64. Qa6 Re5
65. Qa8+ Kh7 66. Qf8 Rxg5 67. Qxf7+ Kh6 68. Qf4 Kh5 69. Qh2+ Kg4 70. Qh7 Kf5
71. Qf7+ Kg4 72. Ke6 Kg3 73. Qc7+ Kh3 74. Qh7+ Kg3 75. Kf6 Rg4 76. Qc7+ Kg2 77.
Qb7+ Kh2 78. Qh7+ Kg2 79. Ke5 Rg3 80. Qb7+ Kh2 81. Ke4 g5 82. Qb2+ Kh3 83. Qh8+
Kg2 84. Qa8 Kg1 85. Qa1+ Kg2 86. Kf5 Kh2 87. Qd1 Kg2 88. Qe2+ Kg1 89. Ke4 Kh1
90. Qf2 Rg2 91. Qe1+ Kh2 92. Kf3 g4+ 93. Kf4 g3 94. Qe5 Rg1 95. Qh5+ Kg2 96.
Qf3+ Kh2 97. Kg4 Rg2 98. Qf1 Ra2 99. Qf4 Rg2 100. Qb8 Kh1 101. Kh3 1-0

[Event "Tradewise Gibraltar Chess Festival 2013"]
[Site "Gibraltar ENG"]
[Date "2013.01.24"]
[Round "3.59"]
[White "Lee, Kai Jie Edward"]
[Black "Godard, Maxence"]
[Result "0-1"]
[WhiteElo "2164"]
[BlackElo "2340"]
[PlyCount "112"]
[EventDate "2013.01.22"]
[EventType "swiss"]
[EventRounds "10"]
[EventCountry "ENG"]
[Source "lmi"]
[SourceDate "2013.01.22"]

1. e4 c6 2. d4 d5 3. Nc3 dxe4 4. Nxe4 Nd7 5. Bc4 Ngf6 6. Ng5 e6 7. Qe2 Nb6 8.
Bb3 h6 9. N5f3 c5 10. Bf4 Bd6 11. Bg3 Bxg3 12. hxg3 Qc7 13. dxc5 Nbd7 14. g4
Nxc5 15. g5 Qa5+ 16. Qd2 Nxb3 17. cxb3 Qxd2+ 18. Nxd2 Nd5 19. Rc1 Bd7 20. Rh4
Ke7 21. gxh6 Rxh6 22. Rd4 f6 23. Nc4 Rc8 24. Rcd1 Rh1 25. Ke2 Bc6 26. g3 Be8
27. Kf1 Bc6 28. a4 b6 29. Ke2 Bb7 30. Kf1 Rd8 31. Ke2 Rd7 32. Nf3 Rxd1 33. Kxd1
Ne3+ 34. fxe3 Bxf3+ 35. Kc2 e5 36. Rh4 Rd8 37. Kc3 Bd1 38. Rh1 Kf7 39. Rf1 Kg6
40. Rf2 Kg5 41. Rh2 Kg4 42. Rh7 Rd7 43. Nd2 Rc7+ 44. Kb4 Bc2 45. Rh1 Kxg3 46.
Rc1 Kf2 47. Nc4 Be4 48. Rd1 Bf3 49. Rd6 Be2 50. a5 bxa5+ 51. Kxa5 Bxc4 52. bxc4
Kxe3 53. Kb4 f5 54. c5 f4 55. Kc4 f3 56. Rd8 f2 0-1

[Event "Tradewise Gibraltar Chess Festival 2013"]
[Site "Gibraltar ENG"]
[Date "2013.01.24"]
[Round "3.60"]
[White "Kantorik, Marian"]
[Black "Byrn, Carsten"]
[Result "1-0"]
[WhiteElo "2331"]
[BlackElo "2114"]
[PlyCount "53"]
[EventDate "2013.01.22"]
[EventType "swiss"]
[EventRounds "10"]
[EventCountry "ENG"]
[Source "lmi"]
[SourceDate "2013.01.22"]

1. d4 Nf6 2. c4 g6 3. Nf3 Bg7 4. Nc3 d5 5. Bg5 Ne4 6. Bf4 Nxc3 7. bxc3 c5 8.
cxd5 Qxd5 9. e3 cxd4 10. cxd4 Nc6 11. Be2 Qa5+ 12. Nd2 e5 13. dxe5 Nxe5 14. O-O
O-O 15. Nb3 Qa3 16. Nd4 Bd7 17. Rb1 b6 18. Qd2 Rac8 19. Bxe5 Bxe5 20. Nf3 Rfd8
21. Nxe5 Be6 22. Qb2 Qxa2 23. Qxa2 Bxa2 24. Rb2 Be6 25. Nf3 Bc4 26. Bxc4 Rxc4
27. Nd4 1-0

[Event "Tradewise Gibraltar Chess Festival 2013"]
[Site "Gibraltar ENG"]
[Date "2013.01.24"]
[Round "3.61"]
[White "Burrows, Martin P"]
[Black "Dittmar, Peter"]
[Result "0-1"]
[WhiteElo "2153"]
[BlackElo "2330"]
[PlyCount "130"]
[EventDate "2013.01.22"]
[EventType "swiss"]
[EventRounds "10"]
[EventCountry "ENG"]
[Source "lmi"]
[SourceDate "2013.01.22"]

1. e4 c6 2. d4 d5 3. e5 c5 4. dxc5 e6 5. Be3 Nh6 6. c3 Nf5 7. Bd4 Bd7 8. Nf3
Nc6 9. Bd3 Nfxd4 10. cxd4 b6 11. O-O bxc5 12. dxc5 Bxc5 13. Nbd2 Bb6 14. Nb3
O-O 15. Rc1 f6 16. exf6 Qxf6 17. Nc5 Be8 18. Bxh7+ Kxh7 19. Nxe6 Ne7 20. Nxf8+
Qxf8 21. Ng5+ Kg8 22. Ne6 Qf5 23. Nc7 Bh5 24. Qe1 Ng6 25. Nxa8 Nf4 26. Rc3 Ba5
27. f3 d4 28. Qe4 Qxe4 29. fxe4 dxc3 30. bxc3 Ne2+ 31. Kh1 Bg6 32. Rb1 Bxe4 33.
Rb5 Bxc3 34. Nc7 Nf4 35. Rg5 Nh3 36. Rg3 Nf2+ 37. Kg1 Be5 38. Kxf2 Bxc7 39. Rc3
Bb6+ 40. Kf1 Bd5 41. a3 Kf7 42. g3 Ke6 43. Ke2 a5 44. Kd3 a4 45. Rc8 Bg1 46. h3
Bh2 47. g4 Bd6 48. Rg8 Kf7 49. Rd8 Ke7 50. Rc8 Kd7 51. Rc1 Bb3 52. Ra1 Ke6 53.
Ke3 Ke5 54. h4 Bc5+ 55. Kf3 Bd4 56. Rb1 Bc3 57. Ke3 Bd4+ 58. Kf3 Bc5 59. Ra1
Bd6 60. Ke3 Be7 61. h5 Kf6 62. Kf3 Kg5 63. Kg3 Bd6+ 64. Kf3 Be6 65. Rg1 Bc5 0-1

[Event "Tradewise Gibraltar Chess Festival 2013"]
[Site "Gibraltar ENG"]
[Date "2013.01.24"]
[Round "3.62"]
[White "Lipecki, Alexander"]
[Black "Omar, Noaman"]
[Result "1/2-1/2"]
[WhiteElo "2138"]
[BlackElo "2314"]
[PlyCount "113"]
[EventDate "2013.01.22"]
[EventType "swiss"]
[EventRounds "10"]
[EventCountry "ENG"]
[Source "lmi"]
[SourceDate "2013.01.22"]

1. d4 d5 2. Nf3 Nf6 3. Bg5 Ne4 4. Bf4 c5 5. c4 cxd4 6. cxd5 Qxd5 7. Qxd4 Qxd4
8. Nxd4 e5 9. Bxe5 Bb4+ 10. Nc3 f6 11. Nc2 Ba5 12. b4 Nxc3 13. Bxc3 Bb6 14. e3
Bf5 15. Nd4 Bxd4 16. Bxd4 Nc6 17. Bb5 a6 18. Bxc6+ bxc6 19. Kd2 Kf7 20. Rhc1
Rhb8 21. a3 Bd7 22. Kc3 a5 23. Bc5 axb4+ 24. axb4 Be6 25. Ra5 Rxa5 26. bxa5 Rb5
27. Bb6 c5 28. e4 Ke8 29. Ra1 Bc8 30. Rd1 Be6 31. Ra1 Bc8 32. Ra2 Kd7 33. Rd2+
Kc6 34. Rb2 Rxb2 35. Kxb2 f5 36. e5 Kb5 37. Kc3 Be6 38. h4 Bf7 39. Bd8 Be6 40.
Kd3 Ka6 41. Ke3 Kb5 42. h5 Bc8 43. Be7 Be6 44. Bf8 c4 45. Kd4 c3 46. Bxg7 Kxa5
47. Kc5 Bf7 48. Kd6 c2 49. Bh6 Bxh5 50. Kd7 Kb5 51. e6 Kc4 52. e7 Kd3 53. Ke6
Ke2 54. Kxf5 Kxf2 55. g4 Bg6+ 56. Kf6 Kf3 57. Kg7 1/2-1/2

[Event "Tradewise Gibraltar Chess Festival 2013"]
[Site "Gibraltar ENG"]
[Date "2013.01.24"]
[Round "3.63"]
[White "Janev, Pavel"]
[Black "Piasetski, Leon"]
[Result "1/2-1/2"]
[WhiteElo "2126"]
[BlackElo "2310"]
[PlyCount "136"]
[EventDate "2013.01.22"]
[EventType "swiss"]
[EventRounds "10"]
[EventCountry "ENG"]
[Source "lmi"]
[SourceDate "2013.01.22"]

1. e4 g6 2. d4 Bg7 3. Nf3 d6 4. Nc3 a6 5. Be3 b5 6. a4 b4 7. Nb1 Nf6 8. Nbd2
O-O 9. Bd3 Nbd7 10. h3 c5 11. dxc5 Nxc5 12. Bxc5 dxc5 13. Nc4 Be6 14. Nfd2 Nd7
15. Qe2 Nb6 16. O-O Nxc4 17. Nxc4 Bxc4 18. Bxc4 Bxb2 19. Ra2 Bd4 20. Bxa6 Qb6
21. Bc4 e6 22. g3 Rfd8 23. Rd1 Rd7 24. Kg2 Rda7 25. Bb3 Qc6 26. h4 Kg7 27. h5
f5 28. f3 fxe4 29. Qxe4 Qxe4 30. fxe4 Kf6 31. e5+ Bxe5 32. Rf1+ Kg5 33. hxg6
hxg6 34. Re1 Bc3 35. Rxe6 Ra5 36. Bd5 Rf8 37. Be4 Rf6 38. Rxf6 Kxf6 39. Kf3 g5
40. Ke3 Ke5 41. Bh7 g4 42. Kf2 c4 43. Bg8 Kd4 44. Kg1 Re5 45. a5 Re2 46. Ra4
Rxc2 47. a6 Ke5 48. Kf1 b3 49. Bxc4 b2 50. Ba2 Bd4 51. Ra5+ Kf6 52. a7 Bxa7 53.
Rxa7 Rc1+ 54. Ke2 Ra1 55. Rb7 Rxa2 56. Ke3 Ke5 57. Rb5+ Kd6 58. Kf4 Kc6 59. Rb8
Kc5 60. Kf5 Kc4 61. Kxg4 Ra4 62. Rxb2 Kc3+ 63. Kf5 Kxb2 64. g4 Kc3 65. g5 Kd4
66. g6 Ra1 67. g7 Rg1 68. Kf6 Rxg7 1/2-1/2

[Event "Tradewise Gibraltar Chess Festival 2013"]
[Site "Gibraltar ENG"]
[Date "2013.01.24"]
[Round "3.64"]
[White "Vyparina, Matej"]
[Black "Uran Bermudez, Oliver Kevin"]
[Result "1-0"]
[WhiteElo "2305"]
[BlackElo "2113"]
[PlyCount "123"]
[EventDate "2013.01.22"]
[EventType "swiss"]
[EventRounds "10"]
[EventCountry "ENG"]
[Source "lmi"]
[SourceDate "2013.01.22"]

1. e4 d6 2. d4 e5 3. Nf3 Nd7 4. Bc4 Be7 5. dxe5 Nxe5 6. Nxe5 dxe5 7. Qh5 g6 8.
Qxe5 Nf6 9. Bh6 Rg8 10. Bg5 Ng4 11. Qxe7+ Qxe7 12. Bxe7 Kxe7 13. Nc3 c6 14. a4
Ne5 15. Bb3 Be6 16. Bxe6 Kxe6 17. Ke2 f6 18. Rad1 Rad8 19. Rxd8 Rxd8 20. Rd1
Rxd1 21. Nxd1 f5 22. f4 Ng4 23. h3 Nf6 24. e5 Nd5 25. g3 Nb4 26. Ne3 b5 27. c3
Na6 28. axb5 cxb5 29. b4 Nb8 30. Nc2 Nc6 31. Kd3 Kd5 32. Na3 a6 33. Nc2 Nd8 34.
Nd4 Nb7 35. Nf3 Nd8 36. Ng5 h6 37. Nh7 Ne6 38. Nf6+ Kc6 39. Ng8 g5 40. Ne7+ Kd7
41. Nxf5 gxf4 42. g4 Ng5 43. h4 Nf7 44. Ke4 f3 45. Kxf3 Nxe5+ 46. Kf4 Nf7 47.
Ke4 Ke6 48. Nd4+ Kd6 49. Nf3 Ke6 50. g5 Nd6+ 51. Kd4 hxg5 52. Nxg5+ Kf5 53. Kd5
Nc4 54. Nf7 a5 55. Nd6+ Nxd6 56. bxa5 Ne4 57. Kd4 Ng3 58. a6 Ne2+ 59. Kc5 Nxc3
60. a7 b4 61. a8=Q b3 62. Qf3+ 1-0

[Event "Tradewise Gibraltar Chess Festival 2013"]
[Site "Gibraltar ENG"]
[Date "2013.01.24"]
[Round "3.65"]
[White "Dasaolu, Rotimi"]
[Black "De Haan, Eric"]
[Result "0-1"]
[WhiteElo "2115"]
[BlackElo "2303"]
[PlyCount "70"]
[EventDate "2013.01.22"]
[EventType "swiss"]
[EventRounds "10"]
[EventCountry "ENG"]
[Source "lmi"]
[SourceDate "2013.01.22"]

1. d4 Nf6 2. c4 c5 3. Nf3 cxd4 4. Nxd4 e5 5. Nb5 d5 6. cxd5 Bc5 7. e3 O-O 8.
N5c3 e4 9. Be2 Qe7 10. a3 Rd8 11. b4 Bd6 12. Bb2 a5 13. b5 Nbd7 14. Nd2 Nb6 15.
Qb3 a4 16. Qc2 Bf5 17. Nc4 Nxc4 18. Bxc4 Rdc8 19. Be2 Rc5 20. Qd2 Rac8 21. Rc1
Qc7 22. b6 Qxb6 23. O-O Qa5 24. Qd4 b5 25. g4 Bg6 26. g5 Ne8 27. Nxb5 Bf8 28.
h4 Rxc1 29. Rxc1 Rxc1+ 30. Bxc1 Qe1+ 31. Bf1 Qxc1 32. Qxa4 Bh5 33. Qc4 Qd1 34.
Qxe4 Be2 35. Nc3 Qxf1+ 0-1

[Event "Tradewise Gibraltar Chess Festival 2013"]
[Site "Gibraltar ENG"]
[Date "2013.01.24"]
[Round "3.67"]
[White "Tate, Alan"]
[Black "Mckenna, Jason P"]
[Result "1-0"]
[WhiteElo "2290"]
[BlackElo "2110"]
[PlyCount "67"]
[EventDate "2013.01.22"]
[EventType "swiss"]
[EventRounds "10"]
[EventCountry "ENG"]
[Source "lmi"]
[SourceDate "2013.01.22"]

1. e4 g6 2. d4 Bg7 3. Nc3 d6 4. Be3 c6 5. g3 Nf6 6. g4 h5 7. g5 Nfd7 8. f4 b5
9. a3 a6 10. Nf3 Bb7 11. Bd3 c5 12. d5 O-O 13. O-O Re8 14. e5 dxe5 15. f5 Nf8
16. fxg6 fxg6 17. Nh4 e4 18. Bxe4 Qd6 19. Bf4 Be5 20. Nxg6 Nxg6 21. Qxh5 Bd4+
22. Kg2 Nxf4+ 23. Rxf4 Qxf4 24. Qh7+ Kf8 25. Rf1 Qxf1+ 26. Kxf1 Rd8 27. Bf5 Rd6
28. Be6 Rxe6 29. dxe6 Bg7 30. Qf5+ Kg8 31. Qf7+ Kh8 32. Qh5+ Kg8 33. Qf7+ Kh8
34. Qxe7 1-0

[Event "Tradewise Gibraltar Chess Festival 2013"]
[Site "Gibraltar ENG"]
[Date "2013.01.24"]
[Round "3.68"]
[White "Compton, Alistair"]
[Black "Bergstrom, Rolf"]
[Result "1/2-1/2"]
[WhiteElo "2087"]
[BlackElo "2286"]
[PlyCount "87"]
[EventDate "2013.01.22"]
[EventType "swiss"]
[EventRounds "10"]
[EventCountry "ENG"]
[Source "lmi"]
[SourceDate "2013.01.22"]

1. e4 b6 2. d4 Bb7 3. Bd3 Nf6 4. Qe2 Nc6 5. c3 e5 6. Nf3 d6 7. Nbd2 Be7 8. O-O
O-O 9. Re1 Re8 10. Nf1 h6 11. Ng3 Bf8 12. d5 Nb8 13. Bb5 c6 14. dxc6 Nxc6 15.
Be3 a6 16. Ba4 b5 17. Bc2 Qc7 18. Nh4 g6 19. Qf3 Bg7 20. Nhf5 gxf5 21. Nxf5 Bc8
22. Nxh6+ Kf8 23. g4 Be6 24. Nf5 Bxf5 25. exf5 e4 26. Qh3 Ne5 27. g5 Nf3+ 28.
Kh1 Nxe1 29. Rxe1 d5 30. Bd4 Re5 31. f4 Nd7 32. fxe5 Bxe5 33. f6 Ke8 34. Bb3
Qd6 35. Qf5 Rd8 36. h4 Bxd4 37. cxd4 Qg3 38. Rxe4+ dxe4 39. Qxe4+ Ne5 40. Qxe5+
Qxe5 41. dxe5 Rd4 42. Kg2 Rxh4 43. Kf3 Rh1 44. e6 1/2-1/2

[Event "Tradewise Gibraltar Chess Festival 2013"]
[Site "Gibraltar ENG"]
[Date "2013.01.24"]
[Round "3.70"]
[White "Diaz Velandia, Jose Manuel"]
[Black "Mueller, Hans-Dieter"]
[Result "1-0"]
[WhiteElo "2271"]
[BlackElo "2087"]
[PlyCount "101"]
[EventDate "2013.01.22"]
[EventType "swiss"]
[EventRounds "10"]
[EventCountry "ENG"]
[Source "lmi"]
[SourceDate "2013.01.22"]

1. d4 e6 2. Nf3 f5 3. g3 Nf6 4. Bg2 Be7 5. O-O O-O 6. c4 d5 7. cxd5 exd5 8. Ne5
Nbd7 9. Nc3 c6 10. Qb3 Nxe5 11. dxe5 Nd7 12. f4 Nc5 13. Qc2 Ne6 14. Kh1 Qe8 15.
e3 b6 16. a3 Ba6 17. Rd1 Rd8 18. b4 d4 19. exd4 Nxd4 20. Qa2+ Kh8 21. Be3 c5
22. Nd5 Nb5 23. bxc5 Bxc5 24. Bxc5 bxc5 25. a4 Rxd5 26. Qxd5 Nc3 27. Qxc5 Nxd1
28. Rxd1 Qb8 29. e6 Rd8 30. Re1 Bb7 31. e7 Re8 32. Qxf5 Kg8 33. Bd5+ Kh8 34.
Bxb7 Qxb7+ 35. Kg1 Qb4 36. Re4 Qb1+ 37. Kg2 Kg8 38. Qd5+ Kh8 39. Re2 h6 40. Qd7
Qg6 41. f5 Qh5 42. Re4 Kh7 43. g4 Qf7 44. Re6 a5 45. h3 Qg8 46. Qd6 Rc8 47. Qd3
Kh8 48. Qb5 Re8 49. Qe5 Qf7 50. Rxh6+ Kg8 51. Re6 1-0

[Event "Tradewise Gibraltar Chess Festival 2013"]
[Site "Gibraltar ENG"]
[Date "2013.01.24"]
[Round "3.71"]
[White "Reuben, Stewart"]
[Black "Gaehwiler, Gabriel"]
[Result "0-1"]
[WhiteElo "2054"]
[BlackElo "2269"]
[PlyCount "68"]
[EventDate "2013.01.22"]
[EventType "swiss"]
[EventRounds "10"]
[EventCountry "ENG"]
[Source "lmi"]
[SourceDate "2013.01.22"]

1. c4 Nf6 2. Nc3 g6 3. g3 Bg7 4. Bg2 O-O 5. e4 d6 6. Nge2 c5 7. O-O Nc6 8. d3
Bd7 9. h3 a6 10. Be3 b5 11. cxb5 axb5 12. Nxb5 Rb8 13. a4 Ne8 14. d4 cxd4 15.
Nexd4 Nxd4 16. Bxd4 Bxb5 17. axb5 Rxb5 18. Ra7 Bxd4 19. Qxd4 e5 20. Qc3 Qb6 21.
Ra2 Rb3 22. Qd2 Rxg3 23. b4 Rb3 24. Rb2 Rxb2 25. Qxb2 Nc7 26. Rb1 Ne6 27. Bf1
Nd4 28. Bc4 Rc8 29. Qa2 Kg7 30. Qa6 Qd8 31. Qa2 Qg5+ 32. Kf1 Qh4 33. Bd5 Qxh3+
34. Ke1 Qd3 0-1

[Event "Tradewise Gibraltar Chess Festival 2013"]
[Site "Gibraltar ENG"]
[Date "2013.01.24"]
[Round "3.72"]
[White "Thornton, John D"]
[Black "Tari, Aryan"]
[Result "0-1"]
[WhiteElo "2053"]
[BlackElo "2268"]
[PlyCount "86"]
[EventDate "2013.01.22"]
[EventType "swiss"]
[EventRounds "10"]
[EventCountry "ENG"]
[Source "lmi"]
[SourceDate "2013.01.22"]

1. c4 e5 2. g3 c6 3. d4 exd4 4. Qxd4 Nf6 5. Nc3 d5 6. Bg5 Be7 7. cxd5 cxd5 8.
e3 O-O 9. Bg2 Nc6 10. Qd2 Be6 11. Nge2 Qa5 12. O-O Rfd8 13. Nd4 Ne4 14. Nxe4
Qxd2 15. Nxd2 Bxg5 16. N2b3 Nxd4 17. Nxd4 Bf6 18. Rfc1 Rac8 19. Kf1 Rc4 20.
Rxc4 dxc4 21. Rd1 Bf5 22. Ke2 Bd3+ 23. Kd2 b5 24. Kc3 a5 25. b4 axb4+ 26. Kxb4
Rb8 27. Rxd3 cxd3 28. Kc3 Bxd4+ 29. exd4 b4+ 30. Kxd3 Rc8 31. Bb7 Rc3+ 32. Kd2
Rc7 33. Be4 Ra7 34. Bb1 Ra3 35. h4 Kf8 36. d5 g6 37. h5 Ke7 38. hxg6 hxg6 39.
g4 Kd6 40. f4 Kxd5 41. g5 Rf3 42. f5 gxf5 43. Bc2 Rf2+ 0-1

[Event "Tradewise Gibraltar Chess Festival 2013"]
[Site "Gibraltar ENG"]
[Date "2013.01.24"]
[Round "3.74"]
[White "Tuchtfeld, Juergen"]
[Black "Amato, Andrea"]
[Result "0-1"]
[WhiteElo "2051"]
[BlackElo "2259"]
[PlyCount "84"]
[EventDate "2013.01.22"]
[EventType "swiss"]
[EventRounds "10"]
[EventCountry "ENG"]
[Source "lmi"]
[SourceDate "2013.01.22"]

1. Nf3 c5 2. b3 Nf6 3. Bb2 e6 4. e3 Be7 5. c4 b6 6. g3 Bb7 7. Bg2 O-O 8. O-O d6
9. d4 Nbd7 10. Nbd2 Rc8 11. Re1 Qc7 12. Qc2 Qb8 13. Rad1 cxd4 14. exd4 d5 15.
Qb1 dxc4 16. bxc4 Rfe8 17. a3 Qa8 18. Nh4 Nb8 19. Qa1 Nh5 20. Bxb7 Qxb7 21. Ng2
b5 22. Re5 Nf6 23. Rxb5 Qd7 24. Rb3 Qa4 25. Rd3 Red8 26. Ne3 Nc6 27. Nf3 Na5
28. Nd2 e5 29. d5 e4 30. Rc3 Bc5 31. Rcc1 Ne8 32. Nf5 Bf8 33. Qa2 g6 34. Nd4
Bh6 35. c5 e3 36. Ne4 e2 37. Re1 Bxc1 38. Nc3 Qxd4 39. Rxc1 Qd2 40. Qb1 Rxc5
41. Nxe2 Rxc1+ 42. Nxc1 Qd1+ 0-1

[Event "Tradewise Gibraltar Chess Festival 2013"]
[Site "Gibraltar ENG"]
[Date "2013.01.24"]
[Round "3.76"]
[White "Van Kemenade, Rudy"]
[Black "Nazarenus, Moritz"]
[Result "1/2-1/2"]
[WhiteElo "2043"]
[BlackElo "2248"]
[PlyCount "160"]
[EventDate "2013.01.22"]
[EventType "swiss"]
[EventRounds "10"]
[EventCountry "ENG"]
[Source "lmi"]
[SourceDate "2013.01.22"]

1. e4 c6 2. d4 d5 3. e5 Bf5 4. Nc3 e6 5. g4 Bg6 6. Nge2 c5 7. h4 f6 8. exf6
gxf6 9. Nf4 Bf7 10. Qe2 Qe7 11. dxc5 Nc6 12. Nb5 O-O-O 13. Nd6+ Kb8 14. Nxf7
Qxf7 15. Nd3 e5 16. Bg2 e4 17. Bf4+ Ka8 18. Nc1 h5 19. g5 fxg5 20. Bxg5 Be7 21.
Nb3 Qg7 22. Qd2 Qxb2 23. c3 Qxd2+ 24. Kxd2 Bxg5+ 25. hxg5 Nge7 26. f3 Ng6 27.
fxe4 dxe4+ 28. Kc2 Rde8 29. Rae1 Re5 30. Bxe4 Rhe8 31. Bxc6 Rxe1 32. Bxe8 Rxh1
33. Bxg6 h4 34. Be4 Re1 35. Kd3 h3 36. Nd2 h2 37. Bd5 Re5 38. Bh1 Rxg5 39. c6
bxc6 40. Bxc6+ Kb8 41. Nf1 Kc7 42. Bf3 h1=Q 43. Bxh1 Rg1 44. Bd5 Rxf1 45. Bb3
Kd6 46. Kc4 Rf5 47. Kb4 Kc6 48. c4 Kd6 49. Bc2 Rf4 50. Bb3 Rh4 51. Ka4 Kc5 52.
Ka5 Rh6 53. Ba4 Kxc4 54. Bb3+ Kc5 55. Bg8 Rb6 56. Bb3 Kc6 57. Bg8 Kc7 58. Bb3
Rd6 59. Bc4 Kb7 60. Bb3 a6 61. Bc4 Rg6 62. Bb3 Rg5+ 63. Kb4 Kb6 64. Bf7 a5+ 65.
Ka4 Rg4+ 66. Ka3 Rf4 67. Be8 Re4 68. Bd7 Re7 69. Bf5 Rg7 70. Be4 Rg3+ 71. Kb2
Kc5 72. Bc2 Kb4 73. Bb3 Rg2+ 74. Bc2 Rh2 75. a3+ Kc4 76. Kb1 Kc3 77. Ba4 Rh4
78. Bc6 a4 79. Bd5 Rh5 80. Bf7 Rb5+ 1/2-1/2

[Event "Tradewise Gibraltar Chess Festival 2013"]
[Site "Gibraltar ENG"]
[Date "2013.01.24"]
[Round "3.77"]
[White "Olhovik, Andrei"]
[Black "Stewart, Ashley"]
[Result "1-0"]
[WhiteElo "2246"]
[BlackElo "2040"]
[PlyCount "77"]
[EventDate "2013.01.22"]
[EventType "swiss"]
[EventRounds "10"]
[EventCountry "ENG"]
[Source "lmi"]
[SourceDate "2013.01.22"]

1. d4 Nf6 2. c4 g6 3. g3 Bg7 4. Bg2 d5 5. cxd5 Nxd5 6. Nf3 O-O 7. O-O Nc6 8. e4
Nb6 9. d5 Na5 10. Nc3 c6 11. Nd4 Bd7 12. b3 cxd5 13. exd5 Nc8 14. Bg5 h6 15.
Be3 Nd6 16. Qd2 Kh7 17. Rac1 Rc8 18. h4 b6 19. Ne4 Nf5 20. Rxc8 Bxc8 21. Rc1
Nxd4 22. Bxd4 e5 23. Bc3 Nb7 24. Bb4 Re8 25. h5 g5 26. d6 f5 27. Rxc8 Qxc8 28.
d7 Qd8 29. dxe8=Q Qxe8 30. g4 fxg4 31. Qd3 Kh8 32. Nxg5 hxg5 33. Bxb7 a5 34.
Ba3 Qf7 35. Be4 Qc7 36. Qd5 Qc8 37. h6 Bxh6 38. Qxe5+ Bg7 39. Qxg5 1-0

[Event "Tradewise Gibraltar Chess Festival 2013"]
[Site "Gibraltar ENG"]
[Date "2013.01.24"]
[Round "3.78"]
[White "Zanetti, Bruno"]
[Black "Storey, Charles H"]
[Result "0-1"]
[WhiteElo "2030"]
[BlackElo "2245"]
[PlyCount "62"]
[EventDate "2013.01.22"]
[EventType "swiss"]
[EventRounds "10"]
[EventCountry "ENG"]
[Source "lmi"]
[SourceDate "2013.01.22"]

1. d4 Nf6 2. c4 g6 3. Nc3 d5 4. Bg5 Ne4 5. Bh4 Nxc3 6. bxc3 dxc4 7. Qa4+ c6 8.
Qxc4 Bg7 9. e3 Qa5 10. Nf3 Na6 11. Be2 Be6 12. Qd3 Nc5 13. Qc2 Bf5 14. Qb2 Na4
15. Qb4 Qxb4 16. cxb4 Nc3 17. Bc4 a5 18. bxa5 Rxa5 19. O-O b5 20. Rfc1 Ra3 21.
Bf1 Kd7 22. h3 Rha8 23. g4 Be6 24. Bg2 Ne2+ 25. Kh2 Nxc1 26. Rxc1 Bd5 27. Ng5
Bxg2 28. Kxg2 Bf6 29. d5 cxd5 30. Rc5 Bxg5 31. Rxd5+ Kc6 0-1